| 000 | 00714nam a2200193 a 4500 | ||
|---|---|---|---|
| 008 | 120207s2008 ||||||||||||||||| || u | ||
| 020 | _a9780071289382 | ||
| 050 | _aTA 645 Lee | ||
| 100 | _aGilbert, Anne M | ||
| 245 | 1 | 0 |
_aFundamentals of structural analysis. -- 4th ed. _cby Kenneth M.Leet; Chia-Ming Uang; Anne M.Gilbert |
| 250 | _a4th ed. | ||
| 260 |
_aNew York: _bMcGraw-Hill _c2008 |
||
| 300 | _axix, 787p.: ill. | ||
| 350 | _a0.00 | ||
| 650 | _aSTRUCTURAL ANALYSIS (ENGINEERING) | ||
| 700 | _aUang,Chia-Ming | ||
| 700 | _aLeet, Kenneth M | ||
| 995 |
_FCBU-MAIN LIBRARY (Kitwe) _I0.00 _M1 _UAVAILABLE _WJul 11, 2012 _ZMain Library Open Access Collection |
||
| 999 |
_c44211 _d44211 |
||